00878nam a22002057a 4500003000200000005001700002020001800019082001800037100001300055100000800068100000900076245002200085260003900107300000800146520044100154600001900595650001400614650002200628650002200650020260507180643.0 a9789355218476 aCS 303.62 BRI aBrij Lal cIPS d1977 aIndian Mujahideen aNew DelhibPrabhat Prakashanc2023 a268 aIndian Mujahideen: The Shocking Truth behind the Most Notorious Terrorist Organisation in India by Brij Lal is a hard-hitting and deeply researched account of one of the most dangerous terrorist groups operating in India. This book delves into the origins, operations, and devastating impact of the Indian Mujahideen, a group that has been responsible for numerous violent attacks aimed at destabilizing the nation and spreading terror. cCivil Services aTerrorism aIslamic Terrorism aNational Security